Seventh digest of Indian labour research (1993-97) (Record no. 43911)

MARC details
000 -LEADER
fixed length control field 00358nam a2200121Ia 4500
082 ## - DEWEY DECIMAL CLASSIFICATION NUMBER
Classification number 331(540)
Item number SEV
245 #0 - TITLE STATEMENT
Title Seventh digest of Indian labour research (1993-97)
260 ## - PUBLICATION, DISTRIBUTION, ETC. (IMPRINT)
Place of publication Chandigarh/Simla
Name of publisher Labour Bureau, Ministry of Labour, G
490 ## - SERIES STATEMENT
Series statement ovt of India 1999
650 ## - SUBJECT ADDED ENTRY--TOPICAL TERM
Topical Term Child labour
942 ## - ADDED ENTRY ELEMENTS (KOHA)
Koha item type Books
Holdings
Withdrawn status Lost status Damaged status Not for loan Home library Current library Date acquired Source of acquisition Full call number Accession Number Koha item type
        RRII Library RRII Library 16/12/2021 Gift 331(540) SEV G00660 Books